000 00781nam a22002531 4500
001 17058
003 BD-RjUL
005 20211209000101.0
008 711012r19671966nyua b 001 0 eng
035 _a(BD-RjUL)17115
040 _aDLC
_cDLC
_dDLC
_dBD-RjUL
_beng
041 _aeng
082 0 0 _a709
_bGOS 1967
100 1 _aGombrich, E. H.
_q(Ernst Hans),
_d1909-2001.
_952626
245 1 4 _aThe story of art /
_cE. H. Gombrich.
250 _a11th ed., rev. and enl.
260 _aNew York :
_bPhaidon Publishers; distributed by Oxford University Press,
_cc1966 [Reprinted 1967].
300 _a488 p. :
_b383 illus. (part col.) ;
_c25 cm.
504 _aIncludes index.
650 0 _aArt
_xHistory.
_952627
942 _2ddc
_cBK
999 _c17058
_d17058